| 000 | 00338nam a2200133 a 4500 | ||
|---|---|---|---|
| 001 | 4285 | ||
| 003 | CDMR | ||
| 005 | 20130116135254.0 | ||
| 008 | 130130s2010||||||||||||||||||||||||||||d | ||
| 040 |
_aCDMR _bcat _cCPC GIRONA |
||
| 245 | 0 |
_aCàritas Diocesana de Girona _bMemòria 2010 |
|
| 260 |
_c2010 _bCàritas Diocesana de Girona |
||
| 942 | _cMON | ||
| 999 |
_c4285 _d4285 |
||